<?xml version="1.0" encoding="UTF-8"?>
<record
    xmlns:xsi="http://www.w3.org/2001/XMLSchema-instance"
    xsi:schemaLocation="http://www.loc.gov/MARC21/slim http://www.loc.gov/standards/marcxml/schema/MARC21slim.xsd"
    xmlns="http://www.loc.gov/MARC21/slim">

  <leader>03194nam a22003617a 4500</leader>
  <controlfield tag="003">NALT</controlfield>
  <controlfield tag="005">20250228155603.0</controlfield>
  <controlfield tag="008">      s2547    th                  tha d</controlfield>
  <datafield tag="020" ind1=" " ind2=" ">
    <subfield code="a">9741332386</subfield>
  </datafield>
  <datafield tag="040" ind1=" " ind2=" ">
    <subfield code="a">NALT</subfield>
  </datafield>
  <datafield tag="041" ind1=" " ind2=" ">
    <subfield code="a">tha</subfield>
  </datafield>
  <datafield tag="090" ind1=" " ind2=" ">
    <subfield code="a">&#xE27; KE141</subfield>
    <subfield code="b">&#xE19;322&#xE01; 2547 </subfield>
  </datafield>
  <datafield tag="100" ind1="0" ind2=" ">
    <subfield code="a">&#xE19;&#xE27;&#xE25;&#xE19;&#xE49;&#xE2D;&#xE22; &#xE15;&#xE23;&#xE35;&#xE23;&#xE31;&#xE15;&#xE19;&#xE4C;</subfield>
  </datafield>
  <datafield tag="245" ind1="1" ind2="0">
    <subfield code="a">&#xE01;&#xE32;&#xE23;&#xE15;&#xE23;&#xE27;&#xE08;&#xE2A;&#xE2D;&#xE1A;&#xE01;&#xE32;&#xE23;&#xE17;&#xE38;&#xE08;&#xE23;&#xE34;&#xE15;&#xE02;&#xE2D;&#xE07;&#xE1C;&#xE39;&#xE49;&#xE14;&#xE33;&#xE23;&#xE07;&#xE15;&#xE33;&#xE41;&#xE2B;&#xE19;&#xE48;&#xE07;&#xE15;&#xE48;&#xE32;&#xE07; &#xE46;</subfield>
  </datafield>
  <datafield tag="260" ind1="3" ind2=" ">
    <subfield code="a">&#xE01;&#xE23;&#xE38;&#xE07;&#xE40;&#xE17;&#xE1E;&#xE2F; : </subfield>
    <subfield code="b">&#xE2A;&#xE33;&#xE19;&#xE31;&#xE01;&#xE07;&#xE32;&#xE19;&#xE01;&#xE2D;&#xE07;&#xE17;&#xE38;&#xE19;&#xE2A;&#xE19;&#xE31;&#xE1A;&#xE2A;&#xE19;&#xE38;&#xE19;&#xE01;&#xE32;&#xE23;&#xE27;&#xE34;&#xE08;&#xE31;&#xE22;, </subfield>
    <subfield code="c">2547</subfield>
  </datafield>
  <datafield tag="300" ind1=" " ind2=" ">
    <subfield code="a">295 &#xE2B;&#xE19;&#xE49;&#xE32; :</subfield>
    <subfield code="b">&#xE15;&#xE32;&#xE23;&#xE32;&#xE07; ;</subfield>
    <subfield code="c">26 &#xE0B;&#xE21;.</subfield>
  </datafield>
  <datafield tag="610" ind1=" " ind2=" ">
    <subfield code="a">&#xE2A;&#xE16;&#xE32;&#xE1A;&#xE31;&#xE19;&#xE1E;&#xE23;&#xE30;&#xE1B;&#xE01;&#xE40;&#xE01;&#xE25;&#xE49;&#xE32;</subfield>
  </datafield>
  <datafield tag="650" ind1="0" ind2="4">
    <subfield code="a">&#xE04;&#xE13;&#xE30;&#xE01;&#xE23;&#xE23;&#xE21;&#xE01;&#xE32;&#xE23;&#xE15;&#xE23;&#xE27;&#xE08;&#xE40;&#xE07;&#xE34;&#xE19;&#xE41;&#xE1C;&#xE48;&#xE19;&#xE14;&#xE34;&#xE19;</subfield>
  </datafield>
  <datafield tag="650" ind1="0" ind2="4">
    <subfield code="a">&#xE04;&#xE13;&#xE30;&#xE01;&#xE23;&#xE23;&#xE21;&#xE01;&#xE32;&#xE23;&#xE02;&#xE49;&#xE2D;&#xE21;&#xE39;&#xE25;&#xE02;&#xE48;&#xE32;&#xE27;&#xE2A;&#xE32;&#xE23;&#xE02;&#xE2D;&#xE07;&#xE23;&#xE32;&#xE0A;&#xE01;&#xE32;&#xE23;</subfield>
  </datafield>
  <datafield tag="650" ind1="0" ind2="4">
    <subfield code="a">&#xE04;&#xE13;&#xE30;&#xE01;&#xE23;&#xE23;&#xE21;&#xE01;&#xE32;&#xE23;&#xE1B;&#xE49;&#xE2D;&#xE07;&#xE01;&#xE31;&#xE19;&#xE41;&#xE25;&#xE30;&#xE1B;&#xE23;&#xE32;&#xE1A;&#xE1B;&#xE23;&#xE32;&#xE21;&#xE01;&#xE32;&#xE23;&#xE17;&#xE38;&#xE08;&#xE23;&#xE34;&#xE15;&#xE41;&#xE2B;&#xE48;&#xE07;&#xE0A;&#xE32;&#xE15;&#xE34;</subfield>
  </datafield>
  <datafield tag="650" ind1="0" ind2="4">
    <subfield code="a">&#xE01;&#xE32;&#xE23;&#xE17;&#xE38;&#xE08;&#xE23;&#xE34;&#xE15;&#xE41;&#xE25;&#xE30;&#xE1B;&#xE23;&#xE30;&#xE1E;&#xE24;&#xE15;&#xE34;&#xE21;&#xE34;&#xE0A;&#xE2D;&#xE1A; -- &#xE01;&#xE32;&#xE23;&#xE15;&#xE23;&#xE27;&#xE08;&#xE2A;&#xE2D;&#xE1A;</subfield>
  </datafield>
  <datafield tag="650" ind1="0" ind2="4">
    <subfield code="a">&#xE2D;&#xE07;&#xE04;&#xE4C;&#xE01;&#xE23;&#xE15;&#xE23;&#xE27;&#xE08;&#xE2A;&#xE2D;&#xE1A;&#xE01;&#xE32;&#xE23;&#xE43;&#xE0A;&#xE49;&#xE2D;&#xE33;&#xE19;&#xE32;&#xE08;&#xE23;&#xE31;&#xE10; -- &#xE27;&#xE34;&#xE08;&#xE31;&#xE22;</subfield>
  </datafield>
  <datafield tag="650" ind1="0" ind2="4">
    <subfield code="a">&#xE28;&#xE32;&#xE25;&#xE23;&#xE31;&#xE10;&#xE18;&#xE23;&#xE23;&#xE21;&#xE19;&#xE39;&#xE0D; -- &#xE01;&#xE32;&#xE23;&#xE15;&#xE23;&#xE27;&#xE08;&#xE2A;&#xE2D;&#xE1A;&#xE01;&#xE32;&#xE23;&#xE17;&#xE38;&#xE08;&#xE23;&#xE34;&#xE15;</subfield>
  </datafield>
  <datafield tag="650" ind1="0" ind2="4">
    <subfield code="a">&#xE1C;&#xE39;&#xE49;&#xE14;&#xE33;&#xE23;&#xE07;&#xE15;&#xE33;&#xE41;&#xE2B;&#xE19;&#xE48;&#xE07;&#xE23;&#xE30;&#xE14;&#xE31;&#xE1A;&#xE2A;&#xE39;&#xE07; -- &#xE01;&#xE32;&#xE23;&#xE15;&#xE23;&#xE27;&#xE08;&#xE2A;&#xE2D;&#xE1A;&#xE01;&#xE32;&#xE23;&#xE17;&#xE38;&#xE08;&#xE23;&#xE34;&#xE15; -- &#xE27;&#xE34;&#xE08;&#xE31;&#xE22;</subfield>
  </datafield>
  <datafield tag="650" ind1="0" ind2="4">
    <subfield code="a">&#xE04;&#xE13;&#xE30;&#xE01;&#xE23;&#xE23;&#xE21;&#xE01;&#xE32;&#xE23;&#xE1B;&#xE49;&#xE2D;&#xE07;&#xE01;&#xE31;&#xE19;&#xE41;&#xE25;&#xE30;&#xE1B;&#xE23;&#xE32;&#xE1A;&#xE1B;&#xE23;&#xE32;&#xE21;&#xE01;&#xE32;&#xE23;&#xE1F;&#xE2D;&#xE01;&#xE40;&#xE07;&#xE34;&#xE19;</subfield>
  </datafield>
  <datafield tag="650" ind1="0" ind2="4">
    <subfield code="a">&#xE28;&#xE32;&#xE25;&#xE0E;&#xE35;&#xE01;&#xE32;&#xE41;&#xE1C;&#xE19;&#xE01;&#xE04;&#xE14;&#xE35;&#xE2D;&#xE32;&#xE0D;&#xE32;&#xE02;&#xE2D;&#xE07;&#xE1C;&#xE39;&#xE49;&#xE14;&#xE33;&#xE23;&#xE07;&#xE15;&#xE33;&#xE41;&#xE2B;&#xE19;&#xE48;&#xE07;&#xE17;&#xE32;&#xE07;&#xE01;&#xE32;&#xE23;&#xE40;&#xE21;&#xE37;&#xE2D;&#xE07;</subfield>
  </datafield>
  <datafield tag="650" ind1="0" ind2="4">
    <subfield code="a">&#xE04;&#xE2D;&#xE23;&#xE31;&#xE1B;&#xE0A;&#xE31;&#xE48;&#xE19;</subfield>
  </datafield>
  <datafield tag="650" ind1="0" ind2="4">
    <subfield code="a">&#xE04;&#xE2D;&#xE23;&#xE31;&#xE1B;&#xE0A;&#xE31;&#xE48;&#xE19;&#xE28;&#xE32;&#xE25;&#xE0E;&#xE35;&#xE01;&#xE32;&#xE41;&#xE1C;&#xE19;&#xE01;&#xE04;&#xE14;&#xE35;&#xE2D;&#xE32;&#xE0D;&#xE32;&#xE02;&#xE2D;&#xE07;&#xE1C;&#xE39;&#xE49;&#xE14;&#xE33;&#xE23;&#xE07;&#xE15;&#xE33;&#xE41;&#xE2B;&#xE19;&#xE48;&#xE07;&#xE17;&#xE32;&#xE07;&#xE01;&#xE32;&#xE23;&#xE40;&#xE21;&#xE37;&#xE2D;&#xE07;&#xE04;&#xE13;&#xE30;&#xE01;&#xE23;&#xE23;&#xE21;&#xE01;&#xE32;&#xE23;&#xE1B;&#xE49;&#xE2D;&#xE07;&#xE01;&#xE31;&#xE19;&#xE41;&#xE25;&#xE30;&#xE1B;&#xE23;&#xE32;&#xE1A;&#xE1B;&#xE23;&#xE32;&#xE21;&#xE01;&#xE32;&#xE23;&#xE1F;&#xE2D;&#xE01;&#xE40;&#xE07;&#xE34;&#xE19;&#xE1C;&#xE39;&#xE49;&#xE14;&#xE33;&#xE23;&#xE07;&#xE15;&#xE33;&#xE41;&#xE2B;&#xE19;&#xE48;&#xE07;&#xE23;&#xE30;&#xE14;&#xE31;&#xE1A;&#xE2A;&#xE39;&#xE07; -- &#xE01;&#xE32;&#xE23;&#xE15;&#xE23;&#xE27;&#xE08;&#xE2A;&#xE2D;&#xE1A;&#xE01;&#xE32;&#xE23;&#xE17;&#xE38;&#xE08;&#xE23;&#xE34;&#xE15; -- &#xE27;&#xE34;&#xE08;&#xE31;&#xE22;&#xE28;&#xE32;&#xE25;&#xE23;&#xE31;&#xE10;&#xE18;&#xE23;&#xE23;&#xE21;&#xE19;&#xE39;&#xE0D; -- &#xE01;&#xE32;&#xE23;&#xE15;&#xE23;&#xE27;&#xE08;&#xE2A;&#xE2D;&#xE1A;&#xE01;&#xE32;&#xE23;&#xE17;&#xE38;&#xE08;&#xE23;&#xE34;&#xE15;&#xE2D;&#xE07;&#xE04;&#xE4C;&#xE01;&#xE23;&#xE15;&#xE23;&#xE27;&#xE08;&#xE2A;&#xE2D;&#xE1A;&#xE01;&#xE32;&#xE23;&#xE43;&#xE0A;&#xE49;&#xE2D;&#xE33;&#xE19;&#xE32;&#xE08;&#xE23;&#xE31;&#xE10; -- &#xE27;&#xE34;&#xE08;&#xE31;&#xE22;&#xE01;&#xE32;&#xE23;&#xE17;&#xE38;&#xE08;&#xE23;&#xE34;&#xE15;&#xE41;&#xE25;&#xE30;&#xE1B;&#xE23;&#xE30;&#xE1E;&#xE24;&#xE15;&#xE34;&#xE21;&#xE34;&#xE0A;&#xE2D;&#xE1A; -- &#xE01;&#xE32;&#xE23;&#xE15;&#xE23;&#xE27;&#xE08;&#xE2A;&#xE2D;&#xE1A;&#xE04;&#xE13;&#xE30;&#xE01;&#xE23;&#xE23;&#xE21;&#xE01;&#xE32;&#xE23;&#xE1B;&#xE49;&#xE2D;&#xE07;&#xE01;&#xE31;&#xE19;&#xE41;&#xE25;&#xE30;&#xE1B;&#xE23;&#xE32;&#xE1A;&#xE1B;&#xE23;&#xE32;&#xE21;&#xE01;&#xE32;&#xE23;&#xE17;&#xE38;&#xE08;&#xE23;&#xE34;&#xE15;&#xE41;&#xE2B;&#xE48;&#xE07;&#xE0A;&#xE32;&#xE15;&#xE34;&#xE04;&#xE13;&#xE30;&#xE01;&#xE23;&#xE23;&#xE21;&#xE01;&#xE32;&#xE23;&#xE02;&#xE49;&#xE2D;&#xE21;&#xE39;&#xE25;&#xE02;&#xE48;&#xE32;&#xE27;&#xE2A;&#xE32;&#xE23;&#xE02;&#xE2D;&#xE07;&#xE23;&#xE32;&#xE0A;&#xE01;&#xE32;&#xE23;&#xE04;&#xE13;&#xE30;&#xE01;&#xE23;&#xE23;&#xE21;&#xE01;&#xE32;&#xE23;&#xE15;&#xE23;&#xE27;&#xE08;&#xE40;&#xE07;&#xE34;&#xE19;&#xE41;&#xE1C;&#xE48;&#xE19;&#xE14;&#xE34;&#xE19;</subfield>
  </datafield>
  <datafield tag="710" ind1="1" ind2=" ">
    <subfield code="a">&#xE2A;&#xE16;&#xE32;&#xE1A;&#xE31;&#xE19;&#xE1E;&#xE23;&#xE30;&#xE1B;&#xE01;&#xE40;&#xE01;&#xE25;&#xE49;&#xE32;</subfield>
  </datafield>
  <datafield tag="850" ind1=" " ind2=" ">
    <subfield code="a">NALT</subfield>
  </datafield>
  <datafield tag="942" ind1=" " ind2=" ">
    <subfield code="c">RSH</subfield>
    <subfield code="2">lcc</subfield>
  </datafield>
  <datafield tag="999" ind1=" " ind2=" ">
    <subfield code="c">43210</subfield>
    <subfield code="d">43210</subfield>
  </datafield>
  <datafield tag="998" ind1=" " ind2=" ">
    <subfield code="j">111</subfield>
    <subfield code="k"> &#xE19;&#xE32;&#xE07;&#xE2A;&#xE32;&#xE27;&#xE1E;&#xE08;&#xE1E;&#xE34;&#xE13;  &#xE1E;&#xE23;&#xE21;&#xE40;&#xE2D;&#xE35;&#xE48;&#xE22;&#xE21;</subfield>
  </datafield>
  <datafield tag="952" ind1=" " ind2=" ">
    <subfield code="0">0</subfield>
    <subfield code="1">0</subfield>
    <subfield code="4">0</subfield>
    <subfield code="7">0</subfield>
    <subfield code="8">CRSH</subfield>
    <subfield code="a">NALT</subfield>
    <subfield code="b">NALT</subfield>
    <subfield code="l">0</subfield>
    <subfield code="o">&#xE27; KE141 &#xE19;322&#xE01; 2547</subfield>
    <subfield code="p">3961153937</subfield>
    <subfield code="r">2017-06-09 00:00:00</subfield>
    <subfield code="t">&#xE09;. 2</subfield>
    <subfield code="w">2017-06-09</subfield>
    <subfield code="y">RSH</subfield>
  </datafield>
  <datafield tag="952" ind1=" " ind2=" ">
    <subfield code="0">0</subfield>
    <subfield code="1">0</subfield>
    <subfield code="4">0</subfield>
    <subfield code="7">0</subfield>
    <subfield code="8">CRSH</subfield>
    <subfield code="a">NALT</subfield>
    <subfield code="b">NALT</subfield>
    <subfield code="l">2</subfield>
    <subfield code="o">&#xE27; KE141 &#xE19;322&#xE01; 2547</subfield>
    <subfield code="p">3961153938</subfield>
    <subfield code="r">2025-03-07 00:00:00</subfield>
    <subfield code="s">2025-02-28</subfield>
    <subfield code="t">&#xE09;. 1</subfield>
    <subfield code="w">2017-06-09</subfield>
    <subfield code="y">RSH</subfield>
  </datafield>
</record>
